Statistics for Countries with the Most Cathedrals

Click here to take the quiz!

General Stats

  • This quiz has been taken 19,199 times
    (19,006 since last reset)
  • The average score is 16 of 20

Answer Stats

#Country% Correct
405Italy
99%
89Spain
97%
223United States
97%
183France
97%
42United Kingdom
94%
280Brazil
94%
29Germany
94%
93Mexico
92%
69Argentina
90%
68Canada
88%
80Colombia
82%
62Poland
81%
34Peru
78%
30Australia
77%
71China
75%
39Venezuela
74%
192India
70%
89Philippines
58%
37Indonesia
49%
54Nigeria
39%

Score Distribution

Percentile by Number Answered

Percent of People with Each Score

Your Score History

You have not taken this quiz since the last reset